000 01511cam a2200373 a 4500
999 _c3975
_d3975
001 15502220
003 Nust
005 20170105101617.0
008 081028s2009 enk b 001 0 eng
010 _a 2008045894
015 _aGBA8D3746
_2bnb
016 7 _a014836533
_2Uk
020 _a9780415474498 (pbk)
020 _a0415474493 (pbk.)
020 _a9780203875407 (ebook)
020 _a0203875400 (ebook)
035 _a(OCoLC)ocn262772059
040 _aDLC
_cDLC
_dYDX
_dBWK
_dBTCTA
_dOCLNG
_dUKM
_dYDXCP
_dBWX
_dDLC
050 0 0 _aB1649.R93
_bP5 2009
082 0 0 _a192
_222
_bRUS
100 1 _aRussell, Bertrand,
_d1872-1970.
245 1 0 _aPhilosophical essays /
_cBertrand Russell.
260 _aLondon ;
_aNew York :
_bRoutledge,
_c2009.
300 _ax, 163 p. ;
_c20 cm.
490 1 _aRoutledge classics
500 _aOriginally published: London ; New York : Longmans, Green, 1910.
504 _aIncludes bibliographical references (p. [153]-156) and index.
505 0 _aPrefce to 1966 edition -- Preface to original edition -- The elements of ethics -- On history -- Science and hypothesis (a review) -- Pragmatism -- William James's conception of truth -- The monistic theory of truth -- On the nature of truth and falsehood.
650 0 _aPhilosophy.
830 0 _aRoutledge classics.
906 _a7
_bcbc
_corignew
_d1
_eecip
_f20
_gy-gencatlg
942 _2ddc
_cBK